Zborník prednášok IX. sympózia o algoritmoch : Konf. Algoritmy '87, Štrbské Pleso, ČSSR, 6.- 10. apr. 1987

Saved in:
Bibliographic Details
Format: Book
Language:Slovak
Published: Bratislava : Jednota slovenských matematikov a fyzikov, 1987
Edition:1.vyd.
Tags: Add Tag
No Tags, Be the first to tag this record!

MARC

LEADER 00000nam a22000003a 4500
001 stu8433
005 20150408175053.9
008 960122s1987----cs------------------slo-d
040 |a STU  |b slo 
041 0 |a slo 
044 |a cs 
080 |a 681.3.05 
080 |a 519.688  |7 stu_us_auth*stu10069 
080 |a 061.3(08) 
245 |a Zborník prednášok IX. sympózia o algoritmoch :  |b Konf. Algoritmy '87, Štrbské Pleso, ČSSR, 6.- 10. apr. 1987 
250 |a 1.vyd. 
260 |a Bratislava :  |b Jednota slovenských matematikov a fyzikov,  |c 1987 
300 |a 340 s 
996 |b I3460  |c I*3460  |l II680  |s A  |a 24  |w stu8433_0001